UBT Library

Microorganisms and man (Record no. 44342)

000 -LEADER
fixed length control field 00512cam a2200205 4500
001 - CONTROL NUMBER
control field 1237608
005 - DATE AND TIME OF LATEST TRANSACTION
control field 20180307091808.0
008 - FIXED-LENGTH DATA ELEMENTS--GENERAL INFORMATION
fixed length control field 710708s1971 nyua 001 0 eng
010 ## - LIBRARY OF CONGRESS CONTROL NUMBER
LC control number 70146674
020 ## - INTERNATIONAL STANDARD BOOK NUMBER
International Standard Book Number 0471969001
040 ## - CATALOGING SOURCE
Original cataloging agency DLC
Transcribing agency DLC
Modifying agency DLC
041 ## - LANGUAGE CODE
Language code of text/sound track or separate title eng
080 ## - UNIVERSAL DECIMAL CLASSIFICATION NUMBER
Universal Decimal Classification number 576 wye
082 00 - DEWEY DECIMAL CLASSIFICATION NUMBER
Classification number 576 wye
100 1# - Rafti
Rafti 11
101 ## - Shkurtesa
Shkurtesa bio
245 10 - TITLE STATEMENT
Title Microorganisms and man
Statement of responsibility, etc [by] Orville Wyss [and] Curtis Eklund.
906 ## - LOCAL DATA ELEMENT F, LDF (RLIN)
a 7
b cbc
c orignew
d 2
e ncip
f 19
g y-gencatlg
942 ## - ADDED ENTRY ELEMENTS (KOHA)
Source of classification or shelving scheme
Item type Books

No items available.

UBT Library © 2015-2024. All rights reserved University Education for Business and Technology